00360pab a2200133 454500008004000000100002400040245003900064260000900103300001300112362001100125650004200136650001400178773003400192180718b2017 xxu||||| |||| 00| 0 eng d aNoronha, Frederick  aCarrying on a dubious game in Goa? c2017 ap.22-25. a25 Mar aGoa. Legislative Assembly - elections aElections aEconomic and Political Weekly